[Event "Udaipur Lakecity op 3rd"]
[Site "Udaipur"]
[Date "2019.03.29"]
[Round "4"]
[White "Matta, Vinay Kumar"]
[Black "Babel, T Divyanshu"]
[Result "1-0"]
[WhiteElo "2146"]
[BlackElo "1676"]
[PlyCount "107"]
[EventDate "2019.03.28"]
[EventType "swiss"]
[EventRounds "8"]
[EventCountry "IND"]
[SourceTitle "CBM 189 Extra"]
[Source "ChessBase"]
[SourceDate "2019.06.03"]
[SourceVersion "1"]
[SourceVersionDate "2019.06.03"]
[SourceQuality "1"]

1. e4 d6 2. d4 Nf6 3. Nc3 g6 4. f4 Bg7 5. Nf3 c5 6. Bb5+ Bd7 7. e5 Nh5 8. g4 Bxb5 9. Nxb5 Qa5+ 10. Nc3 cxd4 11. Nxd4 dxe5 12. Nb3 Qb4 13. a3 Qc4 14. gxh5 exf4 15. Qd3 Qe6+ 16. Kf2 Qg4 17. Qf3 Qh4+ 18. Ke2 Nc6 19. Bxf4 e5 20. Bg3 Qc4+ 21. Kf2 0-0-0 22. Rad1 f5 23. Rxd8+ Rxd8 24. Rd1 Rxd1 25. Qxd1 g5 26. Kg2 e4 27. Be1 Be5 28. Nd2 Qd4 29. Nf1 Qxd1 30. Nxd1 f4 31. Bc3 e3 32. Kf3 g4+ 33. Ke2 Bd6 34. Ndxe3 fxe3 35. Nxe3 Bxh2 36. Nxg4 Bf4 37. Kf3 Bg5 38. Ke4 Ne7 39. Bf6 Bxf6 40. Nxf6 h6 41. Ng4 Kd7 42. Nxh6 Ke6 43. Ng4 Nf5 44. Kf4 Nd6 45. Kg5 Kf7 46. Ne5+ Kg7 47. c4 b6 48. b4 a6 49. h6+ Kh7 50. Kf6 Ne4+ 51. Ke6 Kxh6 52. Nd7 Nd2 53. Nxb6 Nb1 54. a4 1-0

[Event "India Cities-ch 19th"]
[Site "Khalpara"]
[Date "2018.08.03"]
[Round "4.3"]
[White "Narasimha Raveendra, G."]
[Black "Babel, T Divyanshu"]
[Result "1/2-1/2"]
[WhiteElo "1641"]
[BlackElo "1675"]
[PlyCount "198"]
[EventDate "2018.08.01"]
[EventType "team-swiss"]
[EventRounds "7"]
[EventCountry "IND"]
[SourceTitle "CBM 186 Extra"]
[Source "ChessBase"]
[SourceDate "2018.08.24"]
[SourceVersion "1"]
[SourceVersionDate "2018.08.24"]
[SourceQuality "1"]
[WhiteTeam "Kakinada"]
[BlackTeam "Chess in Lakecity"]
[WhiteTeamCountry "IND"]
[BlackTeamCountry "IND"]

1. e4 g6 2. Nf3 Bg7 3. Bc4 d6 4. 0-0 Nf6 5. Re1 0-0 6. d3 c6 7. Bb3 Nbd7 8. c3 Qc7 9. d4 e6 10. Nbd2 c5 11. Nf1 b6 12. Ng3 Bb7 13. Bc2 Rac8 14. Be3 Ng4 15. Bf4 e5 16. dxe5 dxe5 17. Bg5 h6 18. Bc1 Rfd8 19. h3 Ngf6 20. Be3 Ba6 21. Nd2 Nf8 22. Qf3 Qe7 23. Rad1 Ne6 24. Ndf1 Nh7 25. Rxd8+ Rxd8 26. Rd1 Nhg5 27. Bxg5 Nxg5 28. Rxd8+ Qxd8 29. Qd1 Qxd1 30. Bxd1 Ne6 31. Ne3 Nf4 32. Bc2 h5 33. Bd1 Bh6 34. Ngf1 Ne2+ 35. Bxe2 Bxe2 36. c4 Kf8 37. f3 h4 38. Kf2 Bd3 39. Ke1 Ke8 40. Kd1 f5 41. exf5 gxf5 42. Ke1 Kf7 43. Kf2 Ke6 44. Nd2 Bf4 45. Nef1 e4 46. fxe4 fxe4 47. Ne3 Ke5 48. Nb3 Bg3+ 49. Kg1 Bb1 50. Ng4+ Kf4 51. Nc1 e3 52. Kf1 Bf5 53. Ke2 Bxg4+ 54. hxg4 Kxg4 55. Nd3 Bf4 56. Ne1 Kg3 57. Kf1 Be5 58. b3 Bc3 59. Nc2 Bd2 60. Na3 a6 61. Nc2 b5 62. cxb5 axb5 63. Na3 b4 64. Nc4 Bc1 65. Ne5 Bb2 66. Nd3 Bd4 67. Nc1 Kf4 68. Ke2 Kg3 69. Kf1 Be5 70. Ne2+ Kg4 71. Ng1 Kf5 72. Ke2 Bg3 73. Nf3 Ke4 74. Ng5+ Kf5 75. Nf3 Bf2 76. Nh2 Kf4 77. Nf1 Ke4 78. Nh2 Kd4 79. Nf3+ Kc3 80. Ne5 Kd4 81. Nf3+ Ke4 82. Ng5+ Kf4 83. Nh3+ Kg4 84. Nxf2+ exf2 85. Kxf2 Kf4 86. Ke2 Kg3 87. Kf1 Kf4 88. Kf2 Ke4 89. Ke2 Kd4 90. Kd2 c4 91. bxc4 Kxc4 92. Kc2 Kb5 93. Kb2 Ka4 94. Kc2 Ka3 95. Kb1 b3 96. axb3 Kxb3 97. Kc1 Kc3 98. Kd1 Kd3 99. Ke1 Ke3 1/2-1/2